| 000 | 00426nam a22001697a 4500 | ||
|---|---|---|---|
| 005 | 20170909131949.0 | ||
| 008 | 170909b xxu||||| |||| 00| 0 eng d | ||
| 020 | _a978-81-204-1732-8 | ||
| 041 | _aeng | ||
| 082 | _a630 | ||
| 100 |
_aCHAWLA, H.S. _93912 |
||
| 245 | _aINTRODUCTION TO PLANT BIOTECHNOLOGY | ||
| 250 | _a3rd | ||
| 260 |
_aNEW DELHI _bOXFORD & IBH PUBLISHING CO. PVT.LTD _c2009 |
||
| 300 | _a698p. | ||
| 942 | _cBK | ||
| 999 |
_c5552 _d5550 |
||